Djokovic's Final Losses - Statistics

General Stats
  • This quiz has been taken 17 times
  • The average score is 13 of 14
Answer Stats
Hint Answer % Correct
Wimbledon 2023 Carlos Alcaraz
100%
Wimbledon 2024 Carlos Alcaraz
100%
Australian Open 2026 Carlos Alcaraz
100%
US Open 2010 Rafael Nadal
100%
French Open 2012 Rafael Nadal
100%
US Open 2013 Rafael Nadal
100%
French Open 2014 Rafael Nadal
100%
French Open 2020 Rafael Nadal
100%
US Open 2007 Roger Federer
100%
US Open 2012 Andy Murray
94%
Wimbledon 2013 Andy Murray
94%
US Open 2021 Daniil Medvedev
81%
French Open 2015 Stan Wawrinka
75%
US Open 2016 Stan Wawrinka
75%
No matching quizzes found
Score Distribution
Percent of People with Each Score
Percentile by Number Answered
Your Score History
You have not taken this quiz